000 00453nam a2200157Ia 4500
008 230917s9999||||xx |||||||||||||| ||und||
040 _e125562
_aMAIN
041 _aEnglish
082 _a822.33 S15H
100 _aShakespeare, William
245 0 _aHamlet: An authoritatives text intellectual backgrounds extracts from the sourcs essays in criticism
250 _a2nd ed.
260 _aNew York
_bWW Norton
_c1992
300 _a297 p.
942 _cBK
999 _c148104
_d148104